| 000 | 01070nam a2200277 i 4500 | ||
|---|---|---|---|
| 003 | DO-SdBNP | ||
| 005 | 20250321110846.0 | ||
| 007 | ta | ||
| 008 | 250321e200u dr aob 000 0 spa d | ||
| 040 |
_aDO-SdBNP _bspa _cBNPHU _erda |
||
| 082 | 4 |
_axxx _bG943 _222 |
|
| 100 |
_aÁlvarez Gautier, Virginia, _d1953- _eautora _4aut. _981341 |
||
| 245 | 1 | 0 |
_aGuía turística de la Costa Norte de la República Dominicana. / _cVirginia Alvarez Gautier; fotografías, Ricardo Briones |
| 246 | 1 | 3 | _aLa Costa Norte, República Dominicana / |
| 264 | 1 |
_aSanto Domingo : _bSecretaría de Estado de Turismo, _c200-. |
|
| 300 |
_a57 páginas : _bIlustraciones, fotografías, mapas ; _c20 cm |
||
| 336 |
_atexto _btxt _2rdaconten |
||
| 337 |
_asin medición _bn _2rdamedia |
||
| 338 |
_avolumen _bnc _2rdacarrier |
||
| 490 | 1 | _aGuía Turística | |
| 505 |
_tMonte Cristi -- _tPuerto Plata -- _tEspaillat -- _tMaría Trinidad Sánchez -- _tSamaná / |
||
| 590 | _aInventariado, 2025/ YL | ||
| 700 | 1 |
_929826 _aBriones, Ricardo, _efotografías _4fot. |
|
| 910 | _aYLockward | ||
| 942 |
_2ddc _cLBS1 |
||
| 999 |
_c58520 _d58520 |
||